000 00281nam a22001337a 4500
008 181005b xxu||||| |||| 00| 0 eng d
020 _a0520073940
041 _aeng
080 _a316
100 _a50
101 _aSOC
245 _aBeyond Belief
_cBellah, R.N
942 _2udc
_cBK
999 _c48926
_d48926